[Event "Morbihan-ch 0304"]
[Site "Morbihan"]
[Date "2003.12.13"]
[Round "3"]
[White "Audren, Jean"]
[Black "Faure, Lionel"]
[Result "1-0"]
[WhiteElo "1470"]
[BlackElo "1210"]
[PlyCount "121"]
[EventDate "2003.10.??"]
[EventType "swiss"]
[EventRounds "7"]
[EventCountry "FRA"]
[SourceTitle "EXT 2005"]
[Source "ChessBase"]
[SourceDate "2004.11.15"]
[SourceVersion "1"]
[SourceVersionDate "2004.11.15"]
[SourceQuality "1"]

1. d4 e6 2. c4 Nf6 3. Nc3 Bb4 4. Qc2 d5 5. a3 Bxc3+ 6. Qxc3 0-0 7. Bg5 h6 8. Bh4 c6 9. Nf3 Ne4 10. Bxd8 Nxc3 11. bxc3 Rxd8 12. cxd5 cxd5 13. g3 b6 14. Bg2 Bb7 15. 0-0 Nc6 16. Nd2 Rab8 17. e4 dxe4 18. Bxe4 Ne7 19. f3 Bxe4 20. fxe4 e5 21. d5 Rbc8 22. c4 g6 23. Rac1 f5 24. a4 Rf8 25. Rc3 a6 26. Nf3 fxe4 27. Nxe5 Rxf1+ 28. Kxf1 b5 29. axb5 axb5 30. d6 Nf5 31. Nxg6 Kf7 32. Ne5+ Ke6 33. d7 Rd8 34. Ng4 bxc4 35. Rxc4 Nd6 36. Rc5 Kxd7 37. Nxh6 e3 38. Ke2 Re8 39. Ng4 Ne4 40. Re5 Rxe5 41. Nxe5+ Ke6 42. Ng4 Kf5 43. Nxe3+ Kg5 44. Kf3 Nd2+ 45. Kg2 Ne4 46. h4+ Kh5 47. Kf3 Nf6 48. Ng2 Kg6 49. g4 Nh7 50. Kf4 Nf8 51. h5+ Kh6 52. Ne3 Ne6+ 53. Ke5 Ng5 54. Nf5+ Kh7 55. Ng3 Kh6 56. Kf5 Nf7 57. Kf6 Nh8 58. g5+ Kh7 59. Nf5 Kg8 60. h6 Nf7 61. h7+ 1-0